[Event "Guimaraes op"]
[Site "Guimaraes"]
[Date "2021.08.25"]
[Round "2"]
[White "Martinez Ramirez, Lennis"]
[Black "Haver, Daan"]
[Result "1-0"]
[WhiteElo "2458"]
[BlackElo "2161"]
[PlyCount "78"]
[EventDate "2021.08.24"]
[EventType "swiss"]
[EventRounds "9"]
[EventCountry "POR"]
[SourceTitle "CBM 204 Extra"]
[Source "ChessBase"]
[SourceDate "2021.11.30"]
[SourceVersion "1"]
[SourceVersionDate "2021.11.30"]
[SourceQuality "1"]

1. c4 e6 2. Nf3 d5 3. e3 Nf6 4. d4 c6 5. Nc3 Nbd7 6. Bd3 dxc4 7. Bxc4 b5 8. Bd3 Bb7 9. 0-0 Bd6 10. e4 e5 11. dxe5 Nxe5 12. Nxe5 Bxe5 13. f4 Bd4+ 14. Kh1 h5 15. Qe2 Qb6 16. a4 a6 17. e5 Ng4 18. Ne4 0-0-0 19. Nd6+ Rxd6 20. exd6 Qd8 21. Bf5+ Kb8 22. Bxg4 hxg4 23. Qxg4 Qxd6 24. h3 f5 25. Qxf5 c5 26. Ra3 g6 27. Qg4 bxa4 28. f5 gxf5 29. Rf2 f4 30. Rxf4 Ka7 31. Rf7 Qd5 32. Raf3 Qe5 33. Rf1 Qd5 34. Rxb7+ Kxb7 35. Rf5 Be5 36. Bf4 Rg8 37. Qe2 Rh8 38. Rxe5 Rxh3+ 39. Kg1 Qd4+ 1-0

[Event "Delft Prinsenstad op 11th"]
[Site "Delft"]
[Date "2018.04.01"]
[Round "6"]
[White "Tabak, Stefan"]
[Black "Haver, Daan"]
[Result "1/2-1/2"]
[WhiteElo "2222"]
[BlackElo "2086"]
[PlyCount "46"]
[EventDate "2018.03.30"]
[EventType "swiss"]
[EventRounds "6"]
[EventCountry "NED"]
[SourceTitle "CBM 183 Extra"]
[Source "ChessBase"]
[SourceDate "2018.04.19"]
[SourceVersion "1"]
[SourceVersionDate "2018.04.19"]
[SourceQuality "1"]

1. e4 e5 2. Nf3 Nc6 3. Nc3 Nf6 4. d4 exd4 5. Nxd4 Bb4 6. Nxc6 bxc6 7. Bd3 d5 8. exd5 cxd5 9. 0-0 0-0 10. Bg5 c6 11. Qf3 Bd6 12. h3 Rb8 13. Rab1 Re8 14. b3 Be5 15. Na4 Qd6 16. Rfe1 Bd7 17. Rxe5 Rxe5 18. Bf4 Rbe8 19. Bxe5 Rxe5 20. b4 Qe7 21. a3 g6 22. Nc5 Bf5 23. Kf1 Be4 1/2-1/2

[Event "Haarlem Nova College op-A 13th"]
[Site "Haarlem"]
[Date "2015.06.27"]
[Round "4"]
[White "Haver, Daan"]
[Black "De Jong, Migchiel"]
[Result "1/2-1/2"]
[WhiteElo "2073"]
[BlackElo "2309"]
[PlyCount "119"]
[EventDate "2015.06.26"]
[EventType "swiss"]
[EventRounds "6"]
[EventCountry "NED"]
[SourceTitle "CBM 167 Extra"]
[Source "ChessBase"]
[SourceDate "2015.09.14"]
[SourceVersion "1"]
[SourceVersionDate "2015.09.14"]
[SourceQuality "1"]

1. d4 e6 2. Nf3 c5 3. c4 cxd4 4. Nxd4 Nf6 5. g3 d5 6. Bg2 e5 7. Nc2 d4 8. 0-0 Be7 9. b3 Nc6 10. Ba3 0-0 11. f4 e4 12. Kh1 Bg4 13. Bxe7 Qxe7 14. Nxd4 Nxd4 15. Qxd4 Bxe2 16. Re1 Rad8 17. Qe3 Bd3 18. Nc3 Rfe8 19. Qxa7 e3 20. Nd5 Nxd5 21. cxd5 Be4 22. Qd4 Rxd5 23. Qxe4 Qxe4 24. Bxe4 Rxe4 25. Re2 f5 26. Rae1 Kf7 27. Kg2 Rd2 28. Kf3 h6 29. Rxd2 exd2 30. Rd1 Rd4 31. Ke3 Re4+ 32. Kd3 g5 33. fxg5 hxg5 34. Rxd2 Kf6 35. Re2 Rg4 36. Re3 Rb4 37. Kc3 Rb6 38. b4 f4 39. Rd3 Ke5 40. a3 Rc6+ 41. Kd2 Rh6 42. h3 Ke4 43. gxf4 gxf4 44. Ke2 b5 45. Rc3 Rg6 46. Kf2 Rd6 47. Ke2 Rd8 48. h4 Rh8 49. Rh3 Kf5 50. Kf3 Ra8 51. h5 Rxa3+ 52. Kg2 Ra2+ 53. Kf3 Ra3+ 54. Kg2 Ra2+ 55. Kf3 Kg5 56. h6 Ra3+ 57. Kg2 Rxh3 58. Kxh3 Kxh6 59. Kg4 Kg6 60. Kxf4 1/2-1/2

[Event "Haarlem Nova College op-A 12th"]
[Site "Haarlem"]
[Date "2013.06.29"]
[Round "4"]
[White "Haver, Daan"]
[Black "Van Osch, Mees"]
[Result "0-1"]
[WhiteElo "2021"]
[BlackElo "2180"]
[PlyCount "80"]
[EventDate "2013.06.28"]
[EventType "swiss"]
[EventRounds "6"]
[EventCountry "NED"]
[SourceTitle "EXT 2015"]
[Source "ChessBase"]
[SourceDate "2014.11.20"]
[SourceVersion "1"]
[SourceVersionDate "2014.11.20"]
[SourceQuality "1"]

1. e4 c5 2. Nf3 d6 3. d4 cxd4 4. Nxd4 Nf6 5. Nc3 Nc6 6. Bg5 Bd7 7. Be2 Qa5 8. Bxf6 gxf6 9. Nxc6 bxc6 10. Qd4 Qb6 11. Qxb6 axb6 12. Bd3 Bg7 13. a3 Ra5 14. Kd2 0-0 15. Rab1 f5 16. exf5 Bxf5 17. Bxf5 Rxf5 18. f3 Rc5 19. Rhe1 e6 20. Ne4 Ra5 21. Ke2 d5 22. Nf2 c5 23. Ng4 b5 24. Kf2 b4 25. axb4 cxb4 26. Ne5 Rc8 27. c3 bxc3 28. bxc3 Rac5 29. c4 dxc4 30. Nd7 R5c7 31. Nb6 Bd4+ 32. Kg3 Rb8 33. Nxc4 Rxb1 34. Rxb1 Rxc4 35. Rb5 Bc5 36. h3 Bd6+ 37. Kf2 Rc2+ 38. Kf1 Bc5 39. Ra5 Bd4 40. Ra4 e5 0-1

[Event "Haarlem Nova College op-A 12th"]
[Site "Haarlem"]
[Date "2013.06.28"]
[Round "1"]
[White "Sadler, Matthew D"]
[Black "Haver, Daan"]
[Result "1-0"]
[WhiteElo "2646"]
[BlackElo "2021"]
[PlyCount "55"]
[EventDate "2013.06.28"]
[EventType "swiss"]
[EventRounds "6"]
[EventCountry "NED"]
[SourceTitle "CBM 155 Extra"]
[Source "ChessBase"]
[SourceDate "2013.08.26"]
[SourceVersion "1"]
[SourceVersionDate "2013.08.26"]
[SourceQuality "1"]

1. e4 e5 2. Nf3 Nc6 3. Bb5 a6 4. Ba4 Nf6 5. Qe2 b5 6. Bb3 Bc5 7. d3 0-0 8. c3 Re8 9. Ng5 d5 10. exd5 Na5 11. Bc2 Bg4 12. f3 Nxd5 13. fxg4 Nf4 14. Bxf4 exf4 15. Ne4 Qh4+ 16. Kd1 Rad8 17. Nbd2 Be3 18. g3 Qh6 19. gxf4 Bxf4 20. Qf3 Rxe4 21. Nxe4 Nc4 22. Ke2 Ne5 23. Qg2 f5 24. gxf5 Qh5+ 25. Ke1 Ng4 26. Rg1 Qh4+ 27. Ke2 h5 28. h3 1-0

[Event "NED-ch U21"]
[Site "Sneek"]
[Date "2013.05.04"]
[Round "8"]
[White "Maatman, Nick"]
[Black "Haver, Daan"]
[Result "1-0"]
[WhiteElo "2212"]
[BlackElo "1988"]
[PlyCount "159"]
[EventDate "2013.04.27"]
[EventType "swiss"]
[EventRounds "9"]
[EventCountry "NED"]
[SourceTitle "EXT 2014"]
[Source "ChessBase"]
[SourceDate "2013.11.20"]
[SourceVersion "1"]
[SourceVersionDate "2013.11.20"]
[SourceQuality "1"]

1. d4 d5 2. c4 e6 3. Nc3 c5 4. cxd5 exd5 5. Nf3 Nc6 6. dxc5 d4 7. Na4 Bxc5 8. Nxc5 Qa5+ 9. Bd2 Qxc5 10. Rc1 Qb6 11. e3 Nf6 12. Bc4 0-0 13. 0-0 Bg4 14. exd4 Rad8 15. Be3 Qxb2 16. Rb1 Qc3 17. Qc1 Qxc1 18. Rfxc1 Bxf3 19. gxf3 Nxd4 20. Rxb7 Nxf3+ 21. Kg2 Nh4+ 22. Kh3 Nf5 23. Bc5 Nd6 24. Rxa7 Nfe4 25. Bd5 Rfe8 26. Be3 Re5 27. Bb3 Rf5 28. Kg2 Re8 29. Rd1 g6 30. Ba4 Rb8 31. f3 Rb2+ 32. Kg1 Rxa2 33. fxe4 Nxe4 34. Bh6 Rg5+ 35. Bxg5 Nxg5 36. Ra8+ Kg7 37. Bc6 Nh3+ 38. Kf1 Rxh2 39. Bg2 Nf4 40. Rd2 h5 41. Ra7 g5 42. Rdd7 Nxg2 43. Kg1 Rh4 44. Rxf7+ Kg6 45. Kxg2 Rb4 46. Rg7+ Kf6 47. Raf7+ Ke6 48. Rf3 g4 49. Rf1 h4 50. Rh7 g3 51. Rh6+ Ke5 52. Rh5+ Ke6 53. Kh3 Rb2 54. Rxh4 g2 55. Rg1 Kf5 56. Rxg2 Rb3+ 57. Rg3 Rb2 58. Ra3 Kg5 59. Ra5+ Kg6 60. Rc4 Rb6 61. Kg4 Kh6 62. Rh5+ Kg6 63. Rhc5 Rb1 64. Rc6+ Kh7 65. Kg5 Rg1+ 66. Rg4 Ra1 67. Rc7+ Kh8 68. Rh4+ Kg8 69. Rd4 Ra5+ 70. Kf6 Ra6+ 71. Ke5 Ra8 72. Rdd7 Ra5+ 73. Ke6 Ra6+ 74. Rd6 Ra8 75. Kf6 Kh8 76. Rdc6 Rf8+ 77. Kg6 Rg8+ 78. Kh6 Rg6+ 79. Kxg6 Kg8 80. Rc8# 1-0

[Event "Hoogeveen Unive op 16th"]
[Site "Hoogeveen"]
[Date "2012.10.27"]
[Round "9"]
[White "Van Osch, Mees"]
[Black "Haver, Daan"]
[Result "1-0"]
[WhiteElo "2083"]
[BlackElo "1985"]
[PlyCount "65"]
[EventDate "2012.10.19"]
[EventType "swiss"]
[EventRounds "9"]
[EventCountry "NED"]
[SourceTitle "EXT 2013"]
[Source "ChessBase"]
[SourceDate "2012.11.22"]
[SourceVersion "1"]
[SourceVersionDate "2012.11.22"]
[SourceQuality "1"]

1. e4 c5 2. c3 Nf6 3. e5 Nd5 4. d4 cxd4 5. Nf3 Nc6 6. Bc4 Nb6 7. Bb3 d5 8. exd6 Qxd6 9. 0-0 Be6 10. Na3 dxc3 11. Qe2 Bxb3 12. Nb5 Qb8 13. axb3 e6 14. g3 cxb2 15. Bxb2 Nd5 16. Rfd1 Be7 17. Bxg7 Rg8 18. Bb2 a6 19. Nbd4 Qc7 20. Rac1 Qd7 21. Nxc6 bxc6 22. Ne5 Qb7 23. Qh5 Bf6 24. Rxc6 Nf4 25. Qf3 Nh3+ 26. Kg2 Nf4+ 27. Kh1 Nd5 28. Rxd5 exd5 29. Rxf6 Rg7 30. Nc6 Qb5 31. Kg2 Qc5 32. Bd4 Qb5 33. Rd6 1-0

[Event "Roosendaal LBV op-A"]
[Site "Roosendaal"]
[Date "2012.08.18"]
[Round "4"]
[White "Haver, Daan"]
[Black "Boogaard, Sander"]
[Result "1/2-1/2"]
[WhiteElo "1977"]
[BlackElo "2098"]
[PlyCount "77"]
[EventDate "2012.08.16"]
[EventType "swiss"]
[EventRounds "6"]
[EventCountry "NED"]
[SourceTitle "CBM 150 Extra"]
[Source "ChessBase"]
[SourceDate "2012.10.19"]
[SourceVersion "1"]
[SourceVersionDate "2012.10.19"]
[SourceQuality "1"]

1. e4 c5 2. Nf3 Nc6 3. d4 cxd4 4. Nxd4 e5 5. Nb5 d6 6. N1c3 a6 7. Na3 Nf6 8. Bg5 b5 9. Nd5 Be7 10. Bxf6 Bxf6 11. c3 0-0 12. Nc2 Bg5 13. a4 Rb8 14. axb5 axb5 15. Ncb4 Nxb4 16. Nxb4 Bb7 17. Bd3 Qb6 18. 0-0 g6 19. Qg4 Bh6 20. Rfd1 Kh8 21. Bc2 Bg7 22. Rd2 Rbd8 23. Rad1 Bc8 24. Qh4 f5 25. Nd5 Qc5 26. b4 Qa7 27. Bb1 f4 28. Rd3 Be6 29. Ne7 Bf6 30. Nxg6+ Kg7 31. Nxf8 Bxh4 32. Nxe6+ Kg8 33. Nxd8 Qxf2+ 34. Kh1 Bxd8 35. Rxd6 Bb6 36. R6d2 Qe3 37. Rd3 Qf2 38. R3d2 Qe3 39. Rd3 1/2-1/2

[Event "Roosendaal LBV op-A"]
[Site "Roosendaal"]
[Date "2012.08.17"]
[Round "2"]
[White "Haver, Daan"]
[Black "Van Osch, Mees"]
[Result "0-1"]
[WhiteElo "1977"]
[BlackElo "2071"]
[PlyCount "100"]
[EventDate "2012.08.16"]
[EventType "swiss"]
[EventRounds "6"]
[EventCountry "NED"]
[SourceTitle "CBM 150 Extra"]
[Source "ChessBase"]
[SourceDate "2012.10.19"]
[SourceVersion "1"]
[SourceVersionDate "2012.10.19"]
[SourceQuality "1"]

1. e4 c5 2. Nf3 d6 3. d4 cxd4 4. Nxd4 Nf6 5. Nc3 Nc6 6. Bg5 Bd7 7. Qd2 Rc8 8. Be2 Nxd4 9. Qxd4 Qa5 10. Bd2 a6 11. 0-0 Qc5 12. Qxc5 Rxc5 13. Be3 Rc8 14. a4 g6 15. f4 Bg7 16. h3 Rxc3 17. bxc3 Nxe4 18. Bd4 e5 19. fxe5 dxe5 20. Bd3 Bc6 21. Rae1 f5 22. g4 0-0 23. Bb6 Nd2 24. Bc5 Rc8 25. gxf5 Nxf1 26. Rxf1 Bxa4 27. Bb4 gxf5 28. Bxf5 Rd8 29. Ba5 Rf8 30. c4 Bh6 31. Bc3 Be3+ 32. Kg2 Bc6+ 33. Kh2 Bd4 34. Bxd4 exd4 35. Bxh7+ Kg7 36. Bf5 a5 37. Rg1+ Kf6 38. Bd3 a4 39. Ra1 Rg8 40. h4 Ke5 41. h5 Rg5 42. Bg6 Kf4 43. Rd1 Ke5 44. Rd3 Be4 45. Ra3 Rg2+ 46. Kh3 Rxc2 47. Rxa4 d3 48. Ra8 d2 49. Rd8 Rc3+ 50. Kg4 Rd3 0-1

[Event "NED-ch U17"]
[Site "Haarlem"]
[Date "2012.05.05"]
[Round "8"]
[White "Dijkstra, Hidde"]
[Black "Haver, Daan"]
[Result "0-1"]
[WhiteElo "1573"]
[BlackElo "1984"]
[PlyCount "98"]
[EventDate "2012.04.28"]
[EventType "swiss"]
[EventRounds "9"]
[EventCountry "NED"]
[SourceTitle "EXT 2013"]
[Source "ChessBase"]
[SourceDate "2012.11.22"]
[SourceVersion "1"]
[SourceVersionDate "2012.11.22"]
[SourceQuality "1"]

1. e4 c5 2. Nc3 Nc6 3. f4 g6 4. Nf3 Bg7 5. Bc4 e6 6. d3 Nge7 7. Bb3 Nd4 8. 0-0 Nec6 9. Qe1 0-0 10. g4 f5 11. g5 d5 12. e5 b6 13. Ne2 Nxf3+ 14. Rxf3 Ba6 15. c3 Rc8 16. Bc2 Kf7 17. h4 Rh8 18. h5 d4 19. h6 Bf8 20. c4 b5 21. b3 Be7 22. Ng3 Qd7 23. Nf1 Bd8 24. Bd2 Bb6 25. Rf2 Rhd8 26. Bd1 Qc7 27. Bf3 Rb8 28. a4 bxc4 29. a5 cxb3 30. axb6 Qxb6 31. Bc1 Nb4 32. Qe2 Nxd3 33. Nd2 c4 34. Rf1 Nxc1 35. Raxc1 d3+ 36. Qf2 Qxf2+ 37. Kxf2 b2 38. Rc3 Rb4 39. Rb1 Bb5 40. Bd1 a5 41. Ke3 a4 42. Bxa4 Rxa4 43. Rxb2 Ba6 44. Rb6 Ra1 45. Nxc4 Re1+ 46. Kd2 Re2+ 47. Kd1 Bxc4 48. Rb7+ Kg8 49. Rxc4 d2 0-1

[Event "NED-ch U17"]
[Site "Haarlem"]
[Date "2012.05.03"]
[Round "6"]
[White "Haver, Daan"]
[Black "Gieben, Stijn"]
[Result "0-1"]
[WhiteElo "1984"]
[BlackElo "2081"]
[PlyCount "62"]
[EventDate "2012.04.28"]
[EventType "swiss"]
[EventRounds "9"]
[EventCountry "NED"]
[SourceTitle "EXT 2013"]
[Source "ChessBase"]
[SourceDate "2012.11.22"]
[SourceVersion "1"]
[SourceVersionDate "2012.11.22"]
[SourceQuality "1"]

1. e4 e6 2. d4 d5 3. Nc3 Bb4 4. e5 c5 5. a3 Bxc3+ 6. bxc3 Qc7 7. Qg4 Ne7 8. Qxg7 Rg8 9. Qxh7 cxd4 10. Ne2 Nbc6 11. f4 dxc3 12. Qd3 Bd7 13. Nxc3 a6 14. Rb1 Na5 15. h4 Nf5 16. Rh3 Nc4 17. h5 0-0-0 18. Rb4 Bc6 19. h6 Rg6 20. h7 Rh8 21. Qd1 a5 22. Rb3 d4 23. Nb5 Bxb5 24. Rxb5 Qc6 25. Bxc4 Qxc4 26. Rxa5 Rxg2 27. Qf3 Rg1+ 28. Kd2 Ne3 29. c3 Qxc3+ 30. Ke2 Re1+ 31. Kf2 Rf1+ 0-1

[Event "Delft Prinsenstad op-A"]
[Site "Delft"]
[Date "2012.04.07"]
[Round "3"]
[White "Goes, Sten"]
[Black "Haver, Daan"]
[Result "1-0"]
[WhiteElo "2147"]
[BlackElo "1961"]
[PlyCount "53"]
[EventDate "2012.04.06"]
[EventType "swiss"]
[EventRounds "6"]
[EventCountry "NED"]
[SourceTitle "CBM 147 Extra"]
[Source "ChessBase"]
[SourceDate "2012.04.24"]
[SourceVersion "1"]
[SourceVersionDate "2012.04.24"]
[SourceQuality "1"]

1. e4 c5 2. Nf3 d6 3. d4 cxd4 4. Nxd4 Nf6 5. Nc3 g6 6. Be3 Bg7 7. f3 0-0 8. Qd2 Nc6 9. Bc4 Bd7 10. 0-0-0 Rb8 11. Bb3 Na5 12. Bh6 Bxh6 13. Qxh6 b5 14. Nd5 Nxb3+ 15. Nxb3 Nxd5 16. exd5 f6 17. Rhe1 Rf7 18. g4 a5 19. Nd4 a4 20. h4 b4 21. Qe3 Qa5 22. Kb1 Qxd5 23. Nf5 Qxd1+ 24. Rxd1 gxf5 25. Qa7 Rd8 26. gxf5 Bxf5 27. Qa5 1-0

[Event "Bussum op 28th"]
[Site "Bussum"]
[Date "2011.06.13"]
[Round "6"]
[White "Haver, Daan"]
[Black "Galje, Hans"]
[Result "1/2-1/2"]
[WhiteElo "1854"]
[BlackElo "2143"]
[PlyCount "79"]
[EventDate "2011.06.10"]
[EventType "swiss"]
[EventRounds "7"]
[EventCountry "NED"]
[SourceTitle "CBM 142 Extra"]
[Source "ChessBase"]
[SourceDate "2011.06.27"]
[SourceVersion "1"]
[SourceVersionDate "2011.06.27"]
[SourceQuality "1"]

1. e4 e6 2. d4 d5 3. Nc3 Nc6 4. e5 f6 5. f4 fxe5 6. dxe5 Bc5 7. Qg4 Qe7 8. Bd3 Nh6 9. Qh5+ Qf7 10. Qxf7+ Nxf7 11. Nf3 Bd7 12. a3 Nd4 13. Rf1 0-0 14. Bd2 a6 15. 0-0-0 b5 16. Rde1 Nxf3 17. Rxf3 Nh6 18. f5 Nxf5 19. Nxd5 exd5 20. e6 Bxe6 21. Rxe6 Nd4 22. Rxf8+ Bxf8 23. Re5 c6 24. Bc3 Bc5 25. Rh5 g6 26. Rh4 Nf5 27. Bxf5 gxf5 28. Rh5 Be3+ 29. Kd1 Rf8 30. Ke2 d4 31. Bb4 Rf6 32. Kd3 f4 33. Bc5 Rg6 34. g3 fxg3 35. hxg3 Rxg3 36. Ke4 Rg2 37. c3 Bc1 38. Bxd4 Bxb2 39. Re5 Re2+ 40. Kf3 1/2-1/2

[Event "Bussum op 28th"]
[Site "Bussum"]
[Date "2011.06.10"]
[Round "1"]
[White "Haver, Daan"]
[Black "Van der Lende, Ilias"]
[Result "0-1"]
[WhiteElo "1854"]
[BlackElo "2112"]
[PlyCount "48"]
[EventDate "2011.06.10"]
[EventType "swiss"]
[EventRounds "7"]
[EventCountry "NED"]
[SourceTitle "CBM 142 Extra"]
[Source "ChessBase"]
[SourceDate "2011.06.27"]
[SourceVersion "1"]
[SourceVersionDate "2011.06.27"]
[SourceQuality "1"]

1. e4 e6 2. d4 d5 3. Nc3 Bb4 4. e5 c5 5. a3 Bxc3+ 6. bxc3 Qc7 7. Qg4 Ne7 8. Qxg7 Rg8 9. Qxh7 cxd4 10. Ne2 Nbc6 11. f4 dxc3 12. Qd3 d4 13. Nxd4 Nxd4 14. Qxd4 Bd7 15. Rg1 Nf5 16. Qf2 Qc6 17. Bd3 Qd5 18. g4 Nd4 19. Rg3 Qh1+ 20. Bf1 Qe4+ 21. Kd1 Ba4 22. Rxc3 Nxc2 23. Bb5+ Bxb5 24. Rxc2 Ba4 0-1

[Event "NED-ch U17"]
[Site "Haarlem"]
[Date "2011.05.05"]
[Round "6"]
[White "Haver, Daan"]
[Black "Maris, Ivo"]
[Result "1-0"]
[WhiteElo "1847"]
[BlackElo "2011"]
[PlyCount "97"]
[EventDate "2011.04.30"]
[EventType "swiss"]
[EventRounds "9"]
[EventCountry "NED"]
[SourceTitle "EXT 2012"]
[Source "ChessBase"]
[SourceDate "2011.11.24"]
[SourceVersion "1"]
[SourceVersionDate "2011.11.24"]
[SourceQuality "1"]

1. e4 d6 2. d4 Nf6 3. Nc3 e5 4. Nf3 Nbd7 5. dxe5 dxe5 6. Bc4 Bc5 7. Bg5 0-0 8. 0-0 c6 9. Qd2 b5 10. Bd3 Re8 11. Ne2 h6 12. Bh4 Nf8 13. Qc3 Bd6 14. Qxc6 Bg4 15. Bxb5 Bxf3 16. gxf3 g5 17. Bg3 Rc8 18. Qa6 Re6 19. Bc4 Re7 20. Rad1 Ne8 21. Nc3 Rec7 22. Bb5 Rb8 23. Nd5 Rxb5 24. Qxb5 Rd7 25. Rd3 Ne6 26. c3 h5 27. h3 Qc8 28. Rfd1 Nc5 29. R3d2 g4 30. b4 Ne6 31. hxg4 hxg4 32. fxg4 Ng5 33. Qe2 f6 34. Qe3 Rg7 35. f3 a5 36. a3 Qe6 37. Kf1 Bf8 38. Bh4 Nf7 39. Rh2 Rg6 40. Qb6 Qc8 41. Bxf6 Qc4+ 42. Kg1 Bd6 43. Be7 Kg7 44. Ne3 Qxc3 45. Nf5+ Kg8 46. Bxd6 Qxf3 47. Rdd2 Rxg4+ 48. Rhg2 Ng5 49. Nh6+ 1-0